Vistas (Record no. 8196)

MARC details
000 -LEADER
fixed length control field 00369cam a2200181ua 4500
001 - CONTROL NUMBER
control field 9131
005 - DATE AND TIME OF LATEST TRANSACTION
control field 20260515114429.0
008 - FIXED-LENGTH DATA ELEMENTS--GENERAL INFORMATION
fixed length control field 150221n ii |||gr||||Z||||||eng
040 ## - CATALOGING SOURCE
Transcribing agency MAIN
041 ## - LANGUAGE CODE
Language code of text/sound track or separate title eng
082 ## - DEWEY DECIMAL CLASSIFICATION NUMBER
Classification number 823
245 1# - TITLE STATEMENT
Title Vistas
250 ## - EDITION STATEMENT
Edition statement 1st.
260 ## - PUBLICATION, DISTRIBUTION, ETC.
Place of publication, distribution, etc. Guwahati:
Name of publisher, distributor, etc. Assam,
Date of publication, distribution, etc. 2011.
300 ## - PHYSICAL DESCRIPTION
Extent 100p.
653 ## - INDEX TERM--UNCONTROLLED
Uncontrolled term English fiction
942 ## - ADDED ENTRY ELEMENTS (KOHA)
Koha item type Books
Holdings
Withdrawn status Lost status Damaged status Not for loan Home library Current library Shelving location Date acquired Total checkouts Full call number Barcode Date last seen Copy number Price effective from Koha item type Date last checked out
        Naharkatiya College Library Naharkatiya College Library General stacks 09/19/2020   823 | VIS 20124 09/19/2020 3 09/19/2020 Books  
        Naharkatiya College Library Naharkatiya College Library General stacks 09/19/2020 2 823 | VIS 20125 08/08/2023 1 09/19/2020 Books 08/08/2023
        Naharkatiya College Library Naharkatiya College Library General stacks 09/19/2020 2 823 | VIS 20126 10/23/2025 5 09/19/2020 Books 10/22/2025
        Naharkatiya College Library Naharkatiya College Library General stacks 09/19/2020   823 | VIS 20127 09/19/2020 4 09/19/2020 Books  
        Naharkatiya College Library Naharkatiya College Library General stacks 09/19/2020 1 823 | VIS 20128 09/02/2025 2 09/19/2020 Books 09/02/2025